Divination Séances In Ace Attorney - Statistics

General Stats
  • This quiz has been taken 52 times
  • The average score is 4 of 5
Answer Stats
Case Character % Correct
Turnabout Revolution Jove Justice
97%
The Rite Of Turnabout Tahrust Inmee
95%
Turnabout Revolution Inga Karkhuul Haw'kohd Dis'nahm Bi'ahni Lawga Ormo Pohmpus Da'nit Ar'edi Iz Khura'in III
92%
The Foreign Turnabout Paht Rohl
82%
The Rite Of Turnabout Puhray Zeh’lot
82%
No matching quizzes found
Score Distribution
Percent of People with Each Score
Percentile by Number Answered
Your Score History
You have not taken this quiz